[Event "Manitoba-Tch A"]
[Site "Winnipeg CAN"]
[Date "1998.04.03"]
[Round "2"]
[White "Cleto, Sam"]
[Black "Seier, Ken"]
[Result "0-1"]
[WhiteElo "1926"]
[BlackElo "1838"]
[PlyCount "64"]
[GameId "2160767911873626"]
[EventDate "1998.03.27"]
[EventType "team"]
[EventRounds "5"]
[EventCountry "CAN"]

1. d4 Nf6 2. Nf3 g6 3. Bg5 Bg7 4. e3 O-O 5. Nbd2 d5 6. h3 Nbd7 7. c3 c5 8. Bd3 Qb6 9. Rb1 cxd4 10. exd4 e5 11. dxe5 Nc5 12. Bc2 Nfd7 13. b4 Ne6 14. Be7 Re8 15. Bd6 d4 16. cxd4 Nxd4 17. Nxd4 Qxd6 18. N2f3 Rxe5+ 19. Nxe5 Qxe5+ 20. Ne2 Nf6 21. Qd8+ Bf8 22. f4 Qe3 23. Bb3 Qe4 24. O-O Bxh3 25. Bxf7+ Kg7 26. Bd5 Qe3+ 27. Rf2 Rxd8 28. Rb3 Qb6 29. gxh3 Rxd5 30. Kg2 Rd2 31. f5 Ne4 32. f6+ Kf7 0-1

[Event "Manitoba-Tch A"]
[Site "Winnipeg CAN"]
[Date "1998.04.03"]
[Round "2"]
[White "Schulz, Waldemar"]
[Black "Wierda, John"]
[Result "1-0"]
[WhiteElo "1992"]
[BlackElo "1879"]
[PlyCount "83"]
[GameId "2160767911873627"]
[EventDate "1998.03.27"]
[EventType "team"]
[EventRounds "5"]
[EventCountry "CAN"]

1. Nf3 d6 2. d4 Bg4 3. g3 Bxf3 4. exf3 g6 5. Bg2 Bg7 6. O-O Nf6 7. Be3 O-O 8. Qd2 c6 9. c4 Nbd7 10. Nc3 d5 11. b3 e6 12. Rab1 Re8 13. f4 Qc7 14. Rfc1 Nb6 15. Qe2 Rad8 16. c5 Nc8 17. b4 Nd7 18. b5 Ne7 19. Rb4 Nf5 20. Qd3 Nxc5 21. dxc5 d4 22. Bxd4 Bxd4 23. Qc4 Ne3 24. Qb3 Nxg2 25. Kxg2 Bxc5 26. Rc4 Bb6 27. Ne4 Qe7 28. bxc6 f5 29. Ng5 Rd2 30. R4c2 Rxc2 31. Qxc2 Rc8 32. Qe2 Rxc6 33. Re1 e5 34. h4 h6 35. Nf3 e4 36. Ne5 Rc5 37. Nxg6 Qc7 38. Qh5 e3 39. Rxe3 Qc6+ 40. Kh2 Bd8 41. Ne5 Qd6 42. Qf7+ 1-0

[Event "Manitoba-Tch A"]
[Site "Winnipeg CAN"]
[Date "1998.04.10"]
[Round "3"]
[White "Seier, Ken"]
[Black "Schulz, Waldemar"]
[Result "0-1"]
[WhiteElo "1839"]
[BlackElo "1992"]
[PlyCount "60"]
[GameId "2160767911873628"]
[EventDate "1998.03.27"]
[EventType "team"]
[EventRounds "5"]
[EventCountry "CAN"]

1. e4 c5 2. d4 cxd4 3. c3 dxc3 4. Nxc3 Nc6 5. Nf3 e6 6. Bc4 Bc5 7. O-O a6 8. Qe2 Nge7 9. Rd1 Ng6 10. e5 Qc7 11. Rd5 exd5 12. Nxd5 Qd8 13. Bg5 Be7 14. Bxe7 Ncxe7 15. Rd1 Nxd5 16. e6 dxe6 17. Bxd5 Qe7 18. Bb3 O-O 19. g3 Bd7 20. h4 Bc6 21. h5 Bxf3 22. Qxf3 Rfd8 23. Re1 Nf8 24. h6 gxh6 25. Re4 Rac8 26. Qh5 Qf6 27. Rf4 Qg7 28. Rg4 Ng6 29. f4 Rc1+ 30. Kh2 Rd2+ 0-1

[Event "Manitoba-Tch A"]
[Site "Winnipeg CAN"]
[Date "1998.04.17"]
[Round "4"]
[White "Schulz, Waldemar"]
[Black "Hassain, Mahmud"]
[Result "0-1"]
[WhiteElo "1992"]
[BlackElo "1949"]
[PlyCount "82"]
[GameId "2160767911873629"]
[EventDate "1998.03.27"]
[EventType "team"]
[EventRounds "5"]
[EventCountry "CAN"]

1. Nf3 d6 2. d4 g6 3. c4 Nf6 4. Nc3 Bg7 5. e4 O-O 6. Be2 c5 7. O-O Na6 8. d5 Nc7 9. h3 b5 10. cxb5 a6 11. b6 Nb5 12. Qc2 Nd4 13. Nxd4 cxd4 14. Na4 Bd7 15. Bd3 Bxa4 16. Qxa4 Qxb6 17. Rb1 a5 18. Bd2 Qa7 19. a3 Nd7 20. b4 axb4 21. Qxa7 Rxa7 22. Bxb4 Nc5 23. Rbd1 Na4 24. f4 Nc3 25. Rd2 Rc8 26. Re1 Rcc7 27. Ra1 f5 28. Re1 fxe4 29. Bxe4 Nb5 30. Ra2 Rc4 31. Bd2 Nc3 32. Bxc3 dxc3 33. Kf1 Bf6 34. g4 Raa4 35. Rae2 Bh4 36. Bc2 Rxf4+ 37. Kg2 Rxa3 38. Rb1 Ra2 39. Rb8+ Kf7 40. Kg1 Rd4 41. Rc8 Rxc2 0-1

[Event "Manitoba-Tch A"]
[Site "Winnipeg CAN"]
[Date "1998.04.17"]
[Round "4"]
[White "Wierda, John"]
[Black "Seier, Ken"]
[Result "0-1"]
[WhiteElo "1879"]
[BlackElo "1838"]
[PlyCount "72"]
[GameId "2160767911873630"]
[EventDate "1998.03.27"]
[EventType "team"]
[EventRounds "5"]
[EventCountry "CAN"]

1. e4 c5 2. c3 d5 3. exd5 Qxd5 4. d4 Nc6 5. Nf3 Bg4 6. Be2 e6 7. O-O Nf6 8. Na3 Rc8 9. c4 Qf5 10. Be3 Be7 11. dxc5 Bxc5 12. Nb5 O-O 13. Nd6 Bxd6 14. Qxd6 Rfd8 15. Qa3 Ne5 16. Nd4 Rxd4 17. Bxd4 Bxe2 18. Rfe1 Nxc4 19. Qxa7 Bh5 20. Rac1 e5 21. Bxe5 Nxe5 22. Qe3 Re8 23. Kf1 Qd3+ 24. Qxd3 Nxd3 25. Rxe8+ Nxe8 26. Rc8 Kf8 27. Rb8 Nxb2 28. Rxb7 Nc4 29. f3 Ned6 30. Rc7 Bg6 31. Ke2 Bb1 32. Ra7 Bc2 33. a4 Ke8 34. a5 Kd8 35. a6 Nb6 36. Ke3 Bb3 0-1

[Event "Manitoba-Tch A"]
[Site "Winnipeg CAN"]
[Date "1998.04.24"]
[Round "5"]
[White "Cleto, Sam"]
[Black "Schulz, Waldemar"]
[Result "1/2-1/2"]
[WhiteElo "1926"]
[BlackElo "1992"]
[PlyCount "52"]
[GameId "2160767911873631"]
[EventDate "1998.03.27"]
[EventType "team"]
[EventRounds "5"]
[EventCountry "CAN"]

1. d4 Nf6 2. c4 g6 3. Nf3 Bg7 4. Nc3 d5 5. cxd5 Nxd5 6. e4 Nxc3 7. bxc3 O-O 8. Bc4 c5 9. Be3 Nc6 10. Rc1 cxd4 11. cxd4 Qa5+ 12. Qd2 Qxd2+ 13. Kxd2 Rd8 14. d5 Bg4 15. Ke1 Bxf3 16. gxf3 Nd4 17. Bxd4 Bxd4 18. f4 Rac8 19. Ke2 Rc5 20. Rhd1 Bg7 21. d6 Kf8 22. Bb3 b6 23. Rxc5 bxc5 24. dxe7+ Kxe7 25. Rxd8 Kxd8 26. Bxf7 Bh6 1/2-1/2

[Event "Manitoba-Tch A"]
[Site "Winnipeg CAN"]
[Date "1998.04.24"]
[Round "5"]
[White "Hassain, Mahmud"]
[Black "Wierda, John"]
[Result "1-0"]
[WhiteElo "1949"]
[BlackElo "1879"]
[PlyCount "99"]
[GameId "2160767911873632"]
[EventDate "1998.03.27"]
[EventType "team"]
[EventRounds "5"]
[EventCountry "CAN"]

1. e4 e6 2. d4 d5 3. e5 c5 4. c3 Qb6 5. a3 Nc6 6. Nf3 c4 7. Nbd2 Na5 8. Be2 Bd7 9. O-O Rc8 10. Qc2 Ne7 11. Ng5 h6 12. Nh3 Ng6 13. Bh5 Ne7 14. Nf3 g6 15. Nf4 Nb3 16. Rb1 Nxc1 17. Rbxc1 gxh5 18. Nxh5 Ng6 19. Nf6+ Ke7 20. h4 Bg7 21. h5 Nf4 22. g3 Nd3 23. Nxd7 Kxd7 24. Rb1 Qc6 25. b4 b5 26. a4 Rcf8 27. axb5 Qxb5 28. Nh4 Ra8 29. f4 f5 30. g4 Rhg8 31. Kh1 Bxe5 32. fxe5 Rxg4 33. Ng6 a5 34. bxa5 Qxa5 35. Rb7+ Kd8 36. Rfb1 Rg5 37. Rg7 Rxh5+ 38. Kg2 Qa6 39. Rg8+ Kd7 40. Rg7+ Ke8 41. Qd2 Rg5+ 42. Kf3 f4 43. Rbb7 Rxg6 44. Rbe7+ Kf8 45. Ref7+ Ke8 46. Qh2 Rg3+ 47. Rxg3 fxg3 48. Qh5 Kd8 49. Qh4+ Kc8 50. Qe7 1-0

[Event "Manitoba-Tch A"]
[Site "Winnipeg CAN"]
[Date "1998.04.24"]
[Round "5"]
[White "Seier, Ken"]
[Black "Cyncore, Dauwyn"]
[Result "1/2-1/2"]
[WhiteElo "1838"]
[BlackElo "1910"]
[PlyCount "36"]
[GameId "2160767911873633"]
[EventDate "1998.03.27"]
[EventType "team"]
[EventRounds "5"]
[EventCountry "CAN"]

1. e4 c5 2. d4 cxd4 3. c3 dxc3 4. Nxc3 Nc6 5. Nf3 d6 6. Bc4 a6 7. O-O e6 8. a3 Be7 9. Qe2 b5 10. Ba2 Nf6 11. Rd1 Bd7 12. Bg5 Qb8 13. Rac1 Ra7 14. Nd4 Nxd4 15. Rxd4 Bc8 16. f4 e5 17. Rd3 exf4 18. Bxf4 O-O 1/2-1/2

[Event "Manitoba-Tch B"]
[Site "Winnipeg CAN"]
[Date "1998.04.03"]
[Round "2"]
[White "Greenberg, Harley"]
[Black "Gushuliak, Justin"]
[Result "1-0"]
[WhiteElo "1682"]
[BlackElo "1798"]
[PlyCount "45"]
[GameId "2160767911873634"]
[EventDate "1998.03.27"]
[EventType "team"]
[EventRounds "5"]
[EventCountry "CAN"]

1. e4 c5 2. Nf3 d6 3. d4 cxd4 4. Nxd4 Nf6 5. Nc3 e6 6. Bc4 Nc6 7. Bb3 Be7 8. O-O O-O 9. Kh1 a6 10. f4 Bd7 11. f5 e5 12. Nxc6 Bxc6 13. Qe2 Qc7 14. g4 h6 15. g5 hxg5 16. Bxg5 Nxe4 17. Nxe4 Bxg5 18. f6 Bxe4+ 19. Qxe4 gxf6 20. h4 Bf4 21. Rxf4 exf4 22. Qg6+ Kh8 23. Qh6+ 1-0

[Event "Manitoba-Tch B"]
[Site "Winnipeg CAN"]
[Date "1998.04.03"]
[Round "2"]
[White "Guenther, Don"]
[Black "Shpan, Mike"]
[Result "1-0"]
[WhiteElo "1768"]
[BlackElo "1792"]
[PlyCount "134"]
[GameId "2160767911873635"]
[EventDate "1998.03.27"]
[EventType "team"]
[EventRounds "5"]
[EventCountry "CAN"]

1. Nf3 d5 2. c4 Nc6 3. d4 Bg4 4. cxd5 Bxf3 5. dxc6 Bxc6 6. Nc3 e6 7. e4 Bb4 8. Qd3 a6 9. Bd2 Bxc3 10. bxc3 h6 11. g3 f5 12. Bg2 Nf6 13. f3 fxe4 14. fxe4 Qe7 15. O-O O-O-O 16. a4 Nd7 17. a5 Nc5 18. Qe2 Nb3 19. Ra2 Nxd2 20. Qxd2 e5 21. d5 Qc5+ 22. Qf2 Qxf2+ 23. Rfxf2 Bb5 24. Bf1 Bxf1 25. Rxf1 c6 26. c4 Rd7 27. Rf5 Re8 28. Raf2 Kc7 29. Rf7 Ree7 30. Rxe7 Rxe7 31. Rd2 Kd6 32. dxc6+ Kxc6 33. Rd5 b6 34. axb6 Kxb6 35. Kf1 a5 36. Ke1 a4 37. Kd1 Rc7 38. Rb5+ Ka6 39. Rb4 Ka5 40. Rb5+ Ka6 41. Rb4 Rd7+ 42. Ke2 Rd4 43. Rxa4+ Kb6 44. Ke3 g5 45. Kf3 h5 46. Rb4+ Kc6 47. Rb5 Kd6 48. Rd5+ Ke6 49. Rxd4 exd4 50. Ke2 h4 51. Kd3 Ke5 52. c5 hxg3 53. hxg3 g4 54. c6 Kd6 55. Kxd4 Kxc6 56. Ke5 Kc5 57. Kf6 Kd4 58. e5 Ke4 59. e6 Kf3 60. e7 Kxg3 61. e8=Q Kh3 62. Qh5+ Kg3 63. Kf5 Kg2 64. Qxg4+ Kf2 65. Qe4 Kg3 66. Qf4+ Kh3 67. Qg4+ Kh2 1-0

[Event "Manitoba-Tch B"]
[Site "Winnipeg CAN"]
[Date "1998.04.03"]
[Round "2"]
[White "Mittermuller, Elmer"]
[Black "Milord, Frank"]
[Result "0-1"]
[WhiteElo "1709"]
[BlackElo "1636"]
[PlyCount "66"]
[GameId "2160767911873636"]
[EventDate "1998.03.27"]
[EventType "team"]
[EventRounds "5"]
[EventCountry "CAN"]

1. e4 e5 2. d4 exd4 3. Nf3 Nc6 4. Nxd4 Bc5 5. Nb3 Bb6 6. a4 a6 7. Nc3 d6 8. Be2 Nf6 9. O-O Be6 10. Bg5 h6 11. Bh4 g5 12. Bg3 Qd7 13. Nd5 Bxd5 14. exd5 Ne7 15. a5 Ba7 16. c4 Ne4 17. Nd4 O-O-O 18. Bg4 f5 19. Nxf5 Nxf5 20. Qf3 Nexg3 21. hxg3 Rhf8 22. Qd3 Kb8 23. b4 Qf7 24. b5 axb5 25. cxb5 Bc5 26. b6 h5 27. a6 cxb6 28. axb7 hxg4 29. Ra8+ Kc7 30. Qb5 Nd4 31. b8=Q+ Rxb8 32. Ra7+ Rb7 33. Qa6 Ne2+ 0-1

[Event "Manitoba-Tch B"]
[Site "Winnipeg CAN"]
[Date "1998.04.10"]
[Round "3"]
[White "Milord, Frank"]
[Black "Guenther, Don"]
[Result "0-1"]
[WhiteElo "1636"]
[BlackElo "1768"]
[PlyCount "28"]
[GameId "2160767911873637"]
[EventDate "1998.03.27"]
[EventType "team"]
[EventRounds "5"]
[EventCountry "CAN"]

1. d4 Nf6 2. c4 g6 3. Nc3 Bg7 4. e4 d6 5. f4 O-O 6. Nf3 Nbd7 7. e5 Ne8 8. Be2 c5 9. Be3 a6 10. Qd2 Nc7 11. O-O cxd4 12. Bxd4 dxe5 13. Bxe5 Nxe5 14. Qxd8 Nxf3+ 0-1

[Event "Manitoba-Tch B"]
[Site "Winnipeg CAN"]
[Date "1998.04.10"]
[Round "3"]
[White "Mittermuller, Elmer"]
[Black "Gushuliak, Justin"]
[Result "0-1"]
[WhiteElo "1709"]
[BlackElo "1798"]
[PlyCount "42"]
[GameId "2160767911873638"]
[EventDate "1998.03.27"]
[EventType "team"]
[EventRounds "5"]
[EventCountry "CAN"]

1. e4 d5 2. exd5 Nf6 3. d4 Nxd5 4. Nf3 g6 5. Bc4 Bg7 6. O-O Nc6 7. c3 O-O 8. b4 Bg4 9. Bb2 e5 10. h3 Nb6 11. Bb5 Bxf3 12. Qxf3 exd4 13. Bxc6 Nc4 14. Bxb7 Nxb2 15. Bxa8 Qxa8 16. Qxa8 Rxa8 17. cxd4 Bxd4 18. Nd2 Rd8 19. Nb3 Be5 20. Rac1 Rb8 21. a3 a5 0-1

[Event "Manitoba-Tch B"]
[Site "Winnipeg CAN"]
[Date "1998.04.10"]
[Round "3"]
[White "Shpan, Mike"]
[Black "Greenberg, Harley"]
[Result "1-0"]
[WhiteElo "1792"]
[BlackElo "1682"]
[PlyCount "53"]
[GameId "2160767911873639"]
[EventDate "1998.03.27"]
[EventType "team"]
[EventRounds "5"]
[EventCountry "CAN"]

1. e4 c5 2. Nf3 Nc6 3. Bb5 a6 4. Bxc6 bxc6 5. Nc3 d5 6. exd5 cxd5 7. d3 Nf6 8. Bg5 e6 9. Bxf6 Qxf6 10. Qe2 Bb7 11. Rb1 Bd6 12. O-O O-O 13. Rfe1 Rfe8 14. Ne5 d4 15. Na4 Qg5 16. g3 Qe7 17. Nb6 Rad8 18. Nbc4 f6 19. Nxd6 Qxd6 20. Nc4 Qc6 21. Qe4 Qc7 22. Qh4 f5 23. Ne5 Rd5 24. f4 Ba8 25. Qh5 Rf8 26. Kf2 Qb6 27. Nf3 1-0

[Event "Manitoba-Tch B"]
[Site "Winnipeg CAN"]
[Date "1998.04.17"]
[Round "4"]
[White "Guenther, Don"]
[Black "Gushuliak, Justin"]
[Result "1/2-1/2"]
[WhiteElo "1768"]
[BlackElo "1798"]
[PlyCount "76"]
[GameId "2160767911873640"]
[EventDate "1998.03.27"]
[EventType "team"]
[EventRounds "5"]
[EventCountry "CAN"]

1. Nf3 Nf6 2. g3 e6 3. d3 d5 4. Nbd2 c5 5. Bg2 Nc6 6. O-O Bd6 7. Re1 O-O 8. e4 Qc7 9. c3 b6 10. Qc2 Bb7 11. exd5 exd5 12. Nf1 Ng4 13. Ng5 h6 14. Nh3 d4 15. Bf4 Nce5 16. cxd4 Bxg2 17. dxe5 Nxe5 18. Bxe5 Bxh3 19. Bxd6 Qxd6 20. Ne3 Be6 21. Nc4 Qd7 22. Ne5 Qd5 23. Qe2 Rad8 24. b3 Rfe8 25. Qe4 Qxe4 26. dxe4 Rd2 27. Red1 Red8 28. Rxd2 Rxd2 29. Kf1 a5 30. Nf3 Rb2 31. Ne5 g5 32. Ke1 a4 33. Nd3 Rc2 34. bxa4 Rc4 35. f3 Rxa4 36. a3 g4 37. Kf2 Rd4 38. Nf4 gxf3 1/2-1/2

[Event "Manitoba-Tch B"]
[Site "Winnipeg CAN"]
[Date "1998.04.17"]
[Round "4"]
[White "Mittermuller, Elmer"]
[Black "Greenberg, Harley"]
[Result "0-1"]
[WhiteElo "1709"]
[BlackElo "1682"]
[PlyCount "79"]
[GameId "2160767911873641"]
[EventDate "1998.03.27"]
[EventType "team"]
[EventRounds "5"]
[EventCountry "CAN"]

1. e4 c5 2. Nf3 Nc6 3. d4 cxd4 4. Nxd4 Nf6 5. Nc3 e5 6. Ndb5 d6 7. Nd5 Nxd5 8. exd5 Ne7 9. c4 g6 10. Qa4 Bg7 11. Nc7+ Kf8 12. Nxa8 a5 13. Qb5 Nf5 14. Bd3 e4 15. Bxe4 Qe7 16. O-O Qxe4 17. Qxa5 Bf6 18. Nb6 Kg7 19. Re1 Qd4 20. Be3 Qxb2 21. Rab1 Qc2 22. Qd2 Nxe3 23. Qxe3 Bf5 24. Rbc1 Qxa2 25. c5 dxc5 26. Qxc5 Qb2 27. Nc4 Qb3 28. Nd6 Qd3 29. Nxf5+ Qxf5 30. Rb1 Ra8 31. Qc4 Rd8 32. Red1 Rc8 33. Qd3 Qh5 34. Rbc1 Rc3 35. Rxc3 Bxc3 36. d6 Be5 37. g3 Bf6 38. d7 Bd8 39. Re1 Qc5 40. Rc1 0-1

[Event "Manitoba-Tch B"]
[Site "Winnipeg CAN"]
[Date "1998.04.24"]
[Round "5"]
[White "Gushuliak, Justin"]
[Black "Milord, Frank"]
[Result "1-0"]
[WhiteElo "1798"]
[BlackElo "1636"]
[PlyCount "65"]
[GameId "2160767911873642"]
[EventDate "1998.03.27"]
[EventType "team"]
[EventRounds "5"]
[EventCountry "CAN"]

1. e4 e5 2. Nf3 Nc6 3. Bb5 a6 4. Ba4 Nf6 5. O-O Be7 6. Re1 b5 7. Bb3 d6 8. c3 O-O 9. h3 Nb8 10. d3 Nbd7 11. Be3 Bb7 12. Nbd2 c5 13. Nf1 Qc7 14. Ng3 Rfe8 15. Qe2 Rac8 16. Rad1 Bf8 17. Ng5 c4 18. dxc4 bxc4 19. Bc2 g6 20. h4 h6 21. Nh3 Nc5 22. Qf3 Qe7 23. h5 g5 24. Nf5 Qd8 25. Nxg5 hxg5 26. Bxg5 Ne6 27. Bh4 Nf4 28. Qg3+ Kh7 29. Rxd6 N4xh5 30. Rxd8 Nxg3 31. Rxc8 Rxc8 32. Bxg3 Ng4 33. Bd1 1-0

[Event "Manitoba-Tch B"]
[Site "Winnipeg CAN"]
[Date "1998.04.24"]
[Round "5"]
[White "Shpan, Mike"]
[Black "Mittermuller, Elmer"]
[Result "1-0"]
[WhiteElo "1792"]
[BlackElo "1709"]
[PlyCount "55"]
[GameId "2160767911873643"]
[EventDate "1998.03.27"]
[EventType "team"]
[EventRounds "5"]
[EventCountry "CAN"]

1. e4 c5 2. Nf3 e6 3. Nc3 a6 4. d4 cxd4 5. Nxd4 Qc7 6. Bd3 Nf6 7. O-O b5 8. Bg5 Be7 9. a3 d6 10. g4 Bb7 11. Re1 Nbd7 12. f4 Qc5 13. Nce2 e5 14. b4 Qb6 15. Bxf6 Nxf6 16. g5 Nd7 17. c3 h6 18. h4 hxg5 19. hxg5 exf4 20. Nxf4 Ne5 21. Nd5 Bxd5 22. exd5 Qa7 23. g6 Nxg6 24. Bxg6 fxg6 25. Qg4 g5 26. Qxg5 Rc8 27. Qg6+ Kd8 28. Qxg7 1-0

[Event "Manitoba-Tch C"]
[Site "Winnipeg CAN"]
[Date "1998.04.03"]
[Round "2"]
[White "Ford, Stephen"]
[Black "Armstrong, Jeff"]
[Result "0-1"]
[WhiteElo "1584"]
[BlackElo "1579"]
[PlyCount "34"]
[GameId "2160767911873644"]
[EventDate "1998.03.27"]
[EventType "swiss"]
[EventRounds "5"]
[EventCountry "CAN"]

1. e4 e6 2. d4 d5 3. exd5 exd5 4. Be3 Nf6 5. Nd2 Nc6 6. c3 Be7 7. Ngf3 Bf5 8. Be2 Qd7 9. O-O Ng4 10. Bf4 h5 11. Ne1 g5 12. Be3 O-O-O 13. Ndf3 Nxe3 14. fxe3 g4 15. Nd2 Rdg8 16. g3 h4 17. Rxf5 Qxf5 0-1

[Event "Manitoba-Tch C"]
[Site "Winnipeg CAN"]
[Date "1998.04.03"]
[Round "2"]
[White "Piche, Travis"]
[Black "Trueman, Francis"]
[Result "1-0"]
[WhiteElo "1526"]
[BlackElo "1498"]
[PlyCount "51"]
[GameId "2160767911873645"]
[EventDate "1998.03.27"]
[EventType "swiss"]
[EventRounds "5"]
[EventCountry "CAN"]

1. e4 c6 2. d4 d5 3. Nc3 dxe4 4. Nxe4 Nd7 5. Nf3 Ngf6 6. Nxf6+ Nxf6 7. Bc4 e6 8. Bf4 Bd6 9. Be5 O-O 10. Qd2 Bxe5 11. Nxe5 c5 12. dxc5 Qc7 13. Nd3 b6 14. Qe3 e5 15. Nxe5 Re8 16. Bxf7+ Qxf7 17. Nxf7 Rxe3+ 18. fxe3 Kxf7 19. cxb6 axb6 20. a3 Ba6 21. O-O-O Ng4 22. e4 Nf2 23. Rhf1 Kg6 24. Rxf2 Bb7 25. e5 Re8 26. Re1 1-0

[Event "Manitoba-Tch C"]
[Site "Winnipeg CAN"]
[Date "1998.04.10"]
[Round "3"]
[White "Armstrong, John"]
[Black "Piche, Travis"]
[Result "0-1"]
[WhiteElo "1584"]
[BlackElo "1526"]
[PlyCount "175"]
[GameId "2160767911873646"]
[EventDate "1998.03.27"]
[EventType "swiss"]
[EventRounds "5"]
[EventCountry "CAN"]

1. d4 d5 2. c4 e6 3. e3 Nf6 4. Nc3 Be7 5. Nf3 O-O 6. Bd3 b6 7. cxd5 exd5 8. Qc2 c5 9. dxc5 bxc5 10. O-O Nc6 11. Bb5 Bb7 12. Rd1 a6 13. Bd3 Nb4 14. Qe2 Nxd3 15. Rxd3 Qc7 16. b3 Rfd8 17. Bb2 Ne4 18. Nxe4 dxe4 19. Rxd8+ Rxd8 20. Ne5 Bd6 21. Qh5 f6 22. Nc4 Bc6 23. Nxd6 Qxd6 24. Qe2 Bb5 25. Qe1 Qd3 26. h3 Qc2 27. Qc1 Qxc1+ 28. Bxc1 Rd1+ 29. Kh2 f5 30. Kg3 g5 31. Bb2 Rd2 32. Ba3 c4 33. Bb4 Re2 34. a4 Bd7 35. bxc4 Rb2 36. Be7 h6 37. a5 f4+ 38. exf4 gxf4+ 39. Kxf4 Rxf2+ 40. Kxe4 Re2+ 41. Kd5 Rxe7 42. Kd6 Rg7 43. c5 Bb5 44. c6 Rg6+ 45. Ke7 Bxc6 46. g4 Bg2 47. Ra3 Kg7 48. Rd3 Rg5 49. Rg3 Ba8 50. h4 Rxa5 51. g5 Rd5 52. gxh6+ Kxh6 53. Kf6 Rd8 54. Rg6+ Kh5 55. Rg7 Rh8 56. Rg5+ Kxh4 57. Rg7 Be4 58. Ke5 Bd3 59. Kd4 Bb5 60. Kc5 Rb8 61. Kb4 Be2+ 62. Ka5 Rb5+ 63. Ka4 Bd1+ 64. Ka3 Rb3+ 65. Ka2 Rb6 66. Ra7 Kg4 67. Re7 Kf5 68. Re1 Bc2 69. Re2 Be4 70. Ka3 Kf4 71. Ka4 Kf5 72. Ka5 Rb1 73. Rf2+ Ke5 74. Kxa6 Kd5 75. Rd2+ Kc5 76. Ra2 Kc6 77. Ka7 Rb7+ 78. Ka6 Bd3+ 79. Ka5 Ra7+ 80. Kb4 Rxa2 81. Kb3 Rc2 82. Kb4 Kd5 83. Kb3 Rc8 84. Kb4 Bb1 85. Kb3 Kd4 86. Kb2 Kd3 87. Kxb1 Kd2 88. Kb2 0-1

[Event "Manitoba-Tch C"]
[Site "Winnipeg CAN"]
[Date "1998.04.17"]
[Round "4"]
[White "Armstrong, Jeff"]
[Black "Brandson, Doug"]
[Result "1-0"]
[WhiteElo "1584"]
[BlackElo "1560"]
[PlyCount "91"]
[GameId "2160767911873647"]
[EventDate "1998.03.27"]
[EventType "swiss"]
[EventRounds "5"]
[EventCountry "CAN"]

1. d4 Nf6 2. c4 g6 3. Nc3 Bg7 4. e4 d6 5. f3 O-O 6. Bd3 e5 7. d5 a5 8. Be3 Na6 9. Bc2 Bd7 10. Nge2 c6 11. Na4 c5 12. Nac3 Nc7 13. a4 Nh5 14. Qd2 f5 15. exf5 Bxf5 16. Bxf5 gxf5 17. O-O-O f4 18. Bf2 Na6 19. Ne4 Nb4 20. N2c3 Nf6 21. Ng5 e4 22. Ngxe4 Qd7 23. b3 Nxe4 24. Nxe4 Be5 25. Be1 Qg7 26. Qe2 Rfc8 27. Bxb4 axb4 28. Rd2 Ra6 29. Ra2 Re8 30. Qd2 Kh8 31. Qc2 Rf8 32. Re1 Re8 33. Re2 Bd4 34. Kb1 Be5 35. Re1 Bc3 36. Re2 Qd4 37. Nxc3 Re3 38. Rxe3 Qxe3 39. Ne4 Qg1+ 40. Qc1 Qxh2 41. g3 Qh6 42. Qxf4 Qh1+ 43. Kc2 Ra8 44. Rb2 Re8 45. Qf7 Qg2+ 46. Nd2 1-0

[Event "Manitoba-Tch C"]
[Site "Winnipeg CAN"]
[Date "1998.04.17"]
[Round "4"]
[White "Ford, Stephen"]
[Black "Trueman, Francis"]
[Result "1-0"]
[WhiteElo "1579"]
[BlackElo "1498"]
[PlyCount "55"]
[GameId "2160767911873648"]
[EventDate "1998.03.27"]
[EventType "swiss"]
[EventRounds "5"]
[EventCountry "CAN"]

1. e4 c6 2. d4 d5 3. Nc3 dxe4 4. Nxe4 Nd7 5. Ng5 Ngf6 6. Bd3 h6 7. Ne4 Nxe4 8. Bxe4 Nf6 9. Bf3 e5 10. dxe5 Qxd1+ 11. Bxd1 Ne4 12. Be3 Bb4+ 13. Ke2 b6 14. c3 Be7 15. Bb3 Ba6+ 16. Ke1 O-O-O 17. Bxf7 Rhf8 18. Be6+ Kc7 19. Nf3 Rfe8 20. Bf5 Bd3 21. Nd4 Kb7 22. Rd1 Nxc3 23. bxc3 Bc4 24. Nb3 Bd5 25. e6 Bxg2 26. Rg1 Rxd1+ 27. Kxd1 Bf3+ 28. Kc2 1-0

[Event "Manitoba-Tch C"]
[Site "Winnipeg CAN"]
[Date "1998.04.17"]
[Round "4"]
[White "Piche, Travis"]
[Black "Ott, Richard"]
[Result "1/2-1/2"]
[WhiteElo "1526"]
[BlackElo "1466"]
[PlyCount "93"]
[GameId "2160767911873649"]
[EventDate "1998.03.27"]
[EventType "swiss"]
[EventRounds "5"]
[EventCountry "CAN"]

1. e4 d5 2. exd5 Nf6 3. d4 Bg4 4. Bb5+ Nbd7 5. Be2 Bxe2 6. Nxe2 Nxd5 7. O-O b5 8. Nbc3 Nxc3 9. Nxc3 Qb8 10. Qf3 a6 11. Bf4 e6 12. Bxc7 Qc8 13. Rfe1 Be7 14. Qg3 O-O 15. d5 Ra7 16. Bf4 Nc5 17. Bh6 Bf6 18. Rad1 b4 19. Ne4 Nxe4 20. Rxe4 Qxc2 21. Ree1 Rd8 22. Rd2 Qg6 23. Qxg6 hxg6 24. Be3 Rad7 25. Bc5 Rxd5 26. Rxd5 Rxd5 27. Bxb4 Bxb2 28. Rb1 a5 29. Bxa5 Rxa5 30. Rxb2 Kf8 31. Kf1 Ke7 32. Rd2 Kf6 33. Ke2 Ke5 34. Kd3 Rd5+ 35. Ke3 Rxd2 36. Kxd2 Kd4 37. Ke2 Kc4 38. Ke3 Kb4 39. g4 Ka3 40. g5 Kxa2 41. Kd4 Kb2 42. Kd3 Kc1 43. f4 Kd1 44. h4 Ke1 45. Ke3 Kf1 46. Kf3 Kg1 47. Kg3 1/2-1/2

[Event "Manitoba-Tch D"]
[Site "Winnipeg CAN"]
[Date "1998.03.27"]
[Round "1"]
[White "Charter, Bennet"]
[Black "Gibbons, Lorne"]
[Result "1-0"]
[WhiteElo "1306"]
[BlackElo "1401"]
[PlyCount "99"]
[GameId "2160767911873650"]
[EventDate "1998.03.27"]
[EventType "team"]
[EventRounds "5"]
[EventCountry "CAN"]

1. e4 e5 2. Nf3 Nc6 3. Bb5 Nge7 4. O-O a6 5. Ba4 d6 6. c3 Be6 7. d4 f6 8. d5 Qd7 9. dxe6 Qxe6 10. Bb3 Qg4 11. Qd3 O-O-O 12. h3 Qh5 13. Be6+ Kb8 14. Be3 Qe8 15. Nbd2 Ng6 16. Qd5 Nge7 17. Bf7 Nxd5 18. Bxe8 Nxe3 19. fxe3 Rxe8 20. b4 Rd8 21. a4 d5 22. b5 axb5 23. axb5 Na7 24. Rfb1 dxe4 25. Nxe4 Rd3 26. Kf2 h6 27. Ra2 c6 28. Ke2 Rd8 29. b6 Nc8 30. c4 Nd6 31. Rba1 Kc8 32. Ra8+ Kd7 33. Rxd8+ Kxd8 34. Nxd6 Kd7 35. Nxb7 Kc8 36. Na5 c5 37. Rb1 Bd6 38. b7+ Kd7 39. Rd1 Rb8 40. Nh4 Kc7 41. Nf5 Bf8 42. Kd3 Kb6 43. Ra1 g6 44. Nh4 f5 45. Nxg6 e4+ 46. Ke2 Bg7 47. Ra3 Bf6 48. Nf4 Rf8 49. Rb3+ Ka7 50. Nc6+ 1-0

[Event "Manitoba-Tch D"]
[Site "Winnipeg CAN"]
[Date "1998.03.27"]
[Round "1"]
[White "McLellan, Joseph"]
[Black "Isfeld, Ingthor"]
[Result "0-1"]
[WhiteElo "1316"]
[BlackElo "1432"]
[PlyCount "54"]
[GameId "2160767911873651"]
[EventDate "1998.03.27"]
[EventType "team"]
[EventRounds "5"]
[EventCountry "CAN"]

1. d4 d5 2. e3 a6 3. f4 Nf6 4. Bd3 e6 5. Nf3 c5 6. c3 Nc6 7. Ne5 cxd4 8. Nxc6 bxc6 9. cxd4 Bd6 10. O-O O-O 11. Nd2 c5 12. Nf3 cxd4 13. exd4 Qb6 14. b3 Bd7 15. Be3 Ba3 16. Qc2 Rfc8 17. Qf2 h6 18. Ne5 Bb5 19. Bxb5 axb5 20. Bc1 Bb4 21. Bb2 Rc7 22. Rac1 Rxa2 23. Nd3 Ne4 24. Qe2 Bc3 25. Ra1 Rxa1 26. Rxa1 Bxd4+ 27. Bxd4 Qxd4+ 0-1